000 01168nam a22002897a 4500
005 20240530110355.0
008 150105s2010 ua dk g b 000 0 ara d
017 _a2009/19724
_bمصر . دار الكتب المصرية
020 _a9789773831897
040 _aEG-CaGPL
041 0 _aara
082 0 4 _221
_a155.916\
_bس س
100 0 _aسليمان عبدالواحد يوسف ابراهيم
245 1 0 _aسيكولوجية ذوى الاعاقة الحسية :
_bالاصم و الكفيف بين الطاقة المعطلة و القوى المنتجة /
_cتاليف سليمان عبدالواحد يوسف ابراهيم
250 _aط1
260 _aالقاهرة :
_bايتراك للطباعة والنشر والتوزيع ،
_c2010
300 _a352 ص :
_bايض ؛
_c24 سم
504 _aببليوجرافية : ص 331 - 347
650 0 4 _aالمعوقون
_xعلم نفس
650 0 4 _aالمعوقون
_xتعليم
650 0 4 _aالصم
650 0 4 _aالمكفوفون
650 0 4 _aالمرضى
_xعلم نفس
650 0 4 _aعلم النفس التربوى
942 _2ddc
_cBK
999 _c60146
_d60146